00538nam a22001697a 450000500170000001000150001702000260003203500130005803700130007108200120008410000240009624500700012026000390019027000660022930000230029550000500031820131226112212.0 aENG-108877 c850.00a9789381839065 aEN-92410 bDBAD/PUB a658.007 aSwain, Chandrakanta aInformation need in management education /cby Chandrakanta Swain aNew DelhibAvon Publicationsc2013 a5A-12, Ground Floor, Ansari Road DaryaganjbNew Delhie110002 avi,219p.c22cm(Hb) aIncludes bibliographical references and index